The School of Athens - Statistics

General Stats
  • This quiz has been taken 37 times
  • The average score is 6 of 16
Answer Stats
Picture Answer % Correct
Plato
97%
Aristotle
83%
Socrates
80%
Pythagoras
53%
Archimedes
50%
Euclid
43%
Diogenes
33%
Heraclitus
23%
Epicurus
17%
Zeno of Citium
17%
Strabo/Zoroaster
13%
Anaximander
10%
Antisthenes/Xenophon
10%
Plotinus
10%
Averroes
7%
Parmenides
7%
No matching quizzes found
Score Distribution
Percent of People with Each Score
Percentile by Number Answered
Your Score History
You have not taken this quiz